Oso en un cuadrado / (Record no. 21617)
[ view plain ]
| 000 -LEADER | |
|---|---|
| fixed length control field | 00757cam a2200229Ia 4500 |
| 001 - CONTROL NUMBER | |
| control field | CFL537709 |
| 003 - CONTROL NUMBER IDENTIFIER | |
| control field | OCoLC |
| 005 - DATE AND TIME OF LATEST TRANSACTION | |
| control field | 20181225225012.0 |
| 008 - FIXED-LENGTH DATA ELEMENTS--GENERAL INFORMATION | |
| fixed length control field | 030611s2003 maua j 000 1 spa d |
| 020 ## - INTERNATIONAL STANDARD BOOK NUMBER | |
| International Standard Book Number | 1841487740 (pbk.) |
| 020 ## - INTERNATIONAL STANDARD BOOK NUMBER | |
| International Standard Book Number | 9781841487748 (pbk.) |
| 040 ## - CATALOGING SOURCE | |
| Original cataloging agency | TEF |
| Transcribing agency | TEF |
| 041 ## - LANGUAGE CODE | |
| Language code of text/sound track or separate title | spa |
| 100 1# - MAIN ENTRY--PERSONAL NAME | |
| Personal name | Blackstone, Stella. |
| 240 10 - UNIFORM TITLE | |
| Uniform title | <a href="Bear in a square.">Bear in a square.</a> |
| Language of a work | Spanish. |
| 245 10 - TITLE STATEMENT | |
| Title | Oso en un cuadrado / |
| Statement of responsibility, etc. | escrito por Stella Blackstone ; ilustrado por Debbie Harter ; [traducido por Esther Sarfatti]. |
| 260 ## - PUBLICATION, DISTRIBUTION, ETC. (IMPRINT) | |
| Place of publication, distribution, etc. | Cambridge, MA : |
| Name of publisher, distributor, etc. | Barefoot Books, |
| Date of publication, distribution, etc. | 2003. |
| 300 ## - PHYSICAL DESCRIPTION | |
| Extent | [24] p. : |
| Other physical details | col. ill. ; |
| Dimensions | 25 x 26 cm. |
| 520 ## - SUMMARY, ETC. | |
| Summary, etc. | Squares, hearts, circles, and other shapes are hidden in the illustrations. |
| 650 #1 - SUBJECT ADDED ENTRY--TOPICAL TERM | |
| Topical term or geographic name as entry element | Shape |
| Form subdivision | Fiction. |
| 942 ## - ADDED ENTRY ELEMENTS (KOHA) | |
| Koha item type | Libro/Book |
| Withdrawn status | Lost status | Damaged status | Not for loan | Home library | Current library | Date acquired | Inventory number | Total Checkouts | Barcode | Date last seen | Price effective from | Koha item type |
|---|---|---|---|---|---|---|---|---|---|---|---|---|
| Barbudos -- Satellite | Barbudos -- Satellite | 14/05/2019 | Inventory date: 7/7/25 | 35800948 | 16/02/2022 | 14/05/2019 | Libro/Book |